Base de datos para la mediciâon de la mortalidad : (Record no. 110313)

MARC details
000 -LEADER
campo de control de longitud fija 00872cam a2200217Ma 4500
001 - NÚMERO DE CONTROL
campo de control 41098
005 - FECHA Y HORA DE LA ÚLTIMA TRANSACCIÓN
campo de control 20230411085956.0
008 - DATOS DE LONGITUD FIJA--INFORMACIÓN GENERAL
campo de control de longitud fija 901030s1985 xxu f 000 0 spa d
035 ## - NÚMERO DE CONTROL DEL SISTEMA
Número de control de sistema (OCoLC)ocm48293853
040 ## - FUENTE DE CATALOGACIÓN
Centro catalogador/agencia de origen EL$
Lengua de catalogación spa
Centro/agencia transcriptor EL$
Centro/agencia modificador OCLCQ
035 ## - NÚMERO DE CONTROL DEL SISTEMA
Número de control de sistema (OCoLC)48293853
084 ## - OTRO NÚMERO DE CLASIFICACIÓN
Número de clasificación 312.2
Número de ítem N1247b
049 ## - FONDOS LOCALES (OCLC)
Biblioteca depositaria GRAL
110 2# - ENTRADA PRINCIPAL--NOMBRE DE ENTIDAD CORPORATIVA
Nombre de entidad corporativa o nombre de jurisdicción como elemento de entrada Naciones Unidas.
Unidad subordinada Dept. of International Economic and Social Affairs.
245 10 - MENCIÓN DEL TÍTULO
Título Base de datos para la mediciâon de la mortalidad :
Resto del título documentos de la Reuniâon del Grupo de Trabajo de las Naciones Unidas y la Organizaciâon Mundial de la Salud sobre Base de Datos para la Mediciâon de los Niveles, Tendencias y Diferencias de la Mortalidad, Bangkok, 20 a 23 de octubre.
260 ## - PUBLICACIÓN, DISTRIBUCIÓN, ETC.
Lugar de publicación, distribución, etc. Nueva York,
Fecha de publicación, distribución, etc. 1985.
300 ## - DESCRIPCIÓN FÍSICA
Extensión x, 180 p. ;
Dimensiones 28 cm.
440 #0 - MENCIÓN DE SERIE/PUNTO DE ACCESO ADICIONAL--TÍTULO
Título Estudios de poblaciâon ;
Designación de volumen o secuencia 84
942 ## - ELEMENTOS DE ENTRADA SECUNDARIOS (KOHA)
Fuente del sistema de clasificación o colocación Clasificación de Library of Congress
Tipo de ítem Koha
994 ## -
-- C0
-- DRFGD
Holdings
Estatus retirado Estado de pérdida Fuente del sistema de clasificación o colocación Estado de daño No para préstamo Colección Biblioteca de origen Biblioteca actual Ubicación en estantería Fecha de adquisición Código de barras Visto por última vez Copia número Tipo de ítem Koha
    Clasificación de Library of Congress     Automatización y Procesos Técnicos Biblioteca Juan Bosch Biblioteca Juan Bosch Automatización y Procesos Técnicos (1er. Piso) 11/04/2023 00000042011 17/02/2019 1